| 000 | 00674nam a22002177a 4500 | ||
|---|---|---|---|
| 999 |
_c16588 _d16588 |
||
| 003 | OSt | ||
| 005 | 20171023115104.0 | ||
| 008 | 171023b xxu||||| |||| 00| 0 eng d | ||
| 020 | _a9781899448678 | ||
| 040 |
_aKABU _cKABU |
||
| 050 |
_aHJ141 _b.B43 2011 |
||
| 100 | _aBean, Jennifer | ||
| 245 |
_aFinance for non financial public sector managers : _bessential skills for the public sector / _cJennifer Bean, Lascelles Hussey |
||
| 250 | _a2nd ed. | ||
| 260 |
_aLondon _bHB Publications _c2011 |
||
| 300 | _a134 p. | ||
| 650 | _aFinance, Public | ||
| 650 | _aManagerial accounting | ||
| 700 | _aHussey, Lascelles | ||
| 942 |
_2lcc _cBK _hHJ141 _i.B43 2011 |
||